LEADER 01702nam a2200361 u 4500 001 000000000992 003 CaOOAMICUS 005 20141001113740.0 008 941111s1941 fr b u000 u fre u 035 $a10022273 040 $aDLC$bita$cIaAS$d*SER*$d*m.c.*$dNNU$dCStRLIN$dPUL(R) 082 $a950 100 1 $aGrousset, René,$d1885-1952.$0(OLS)http://pul/name/1133 245 12$aL'Asie orientale des origines au XVe siècle.$n1,$pLes empires /$cpar René Grousset, J. Auboyer, [et] J. Buhot. 246 30$aLes empires 260 $aParis :$bPresses Universitaires de France,$c1941. 300 $axxxvii, 583 p. :$bmaps (part fold.) ;$c25 cm 490 1 $aHistoire générale.$aHistoire du Moyen Age ;$v10, I p. 504 $aBibliographical foot-notes. 651 0$aEast (Far East)$xHistory.$2//eng$0(OLS)http://pul/subject/1114 651 4$aAsia orientale$xStoria$yMedioevo.$0(OLS)http://pul/subject/40771 700 1 $aBuhot, Jean.$0(OLS)http://pul/name/1135 700 1 $aAuboyer, Jeannine.$0(OLS)http://pul/name/1134 830 0$aHistoire générale.$pHistoire du Moyen Age ;$v10, I p.$0(OLS)http://pul/title/1345 850 $aPUL 852 $aPUL$W1$xDP2 Filosofia 1$y62$m101(1) B 15$j1293$nBK-PRI$qStampati$B1293$CPULBib$Z2$F1293 $H13191 $82 941 1 $a8 961 $aINV: 13191 983 0$aHistoire du Moyen Age. 996 $6082$a950$9(OLS)http://pul/classification/8 996 $6245$aL'Asie orientale des origines au XVe siècle.$n1,$pLes empires$9(OLS)http://pul/title/1478 996 $6246$aLes empires$9(OLS)http://pul/title/177182 996 $6260$aParis :$bPresses Universitaires de France$9(OLS)http://pul/publisher/47940 LEADER 01367nam a2200325 a 4500 001 000000155437 003 CaOOAMICUS 005 20161025111401.0 008 161025s2016 it u000 u ita r 020 $a978-88-921-04666-2* 032 $aLibriCat 040 $aPUL$bita 082 04$a321 100 1 $aVolpi, Mauro.$0(OLS)http://pul/name/78877 245 10$aLibertà e autorità :$bla classificazione delle forme di Stato e delle forme di governo /$cMauro Volpi. 250 $a6. ed. 260 $aTorino :$bG. Giappichelli,$c©2016. 300 $aVII, 213 p. ;$c23 cm. 490 1 $aFrontiere del diritto ;$v04 504 $aBibliografia p. [195]-213. 650 4$aStato$xConcetto$xStoria.$0(OLS)http://pul/subject/10055 830 0$aFrontiere del diritto ;$v04.$0(OLS)http://pul/title/142491 850 $aPUL 852 $aPUL$W1$xSL Diritto e Scienze Sociali 3$y79$m321 VOLMA 3$j178567$qDDC 21$B181738$CPULBib$Z2$F181738 $H128300 $81 941 1 $a9 996 $6020$a978-88-921-04666-2*$9(OLS)http://pul/number/161396 996 $6082$a321$9(OLS)http://pul/classification/1935 996 $6245$aLibertà e autorità :$bla classificazione delle forme di Stato e delle forme di governo$9(OLS)http://pul/title/157419 996 $6260$aTorino :$bG. Giappichelli$9(OLS)http://pul/publisher/49130